| 000 | 00344nam a2200133Ia 4500 | ||
|---|---|---|---|
| 005 | 20260328104249.0 | ||
| 008 | 260328s9999||||xx |||||||||||||| ||und|| | ||
| 100 | _aOpel, Adolf (Editor) | ||
| 245 | 0 |
_aAdolf Loos : _b escritos I, 1897-1909 / _cAdolf (Editor) Opel |
|
| 260 | _bEl Croquis | ||
| 300 | _a356 p. | ||
| 650 | _aHISTORIA | ||
| 942 | _cBK | ||
| 999 |
_c10172 _d10172 |
||